000
00297nam a2200121Ia 4500
008
220120s9999||||xx |||||||||||||| ||und||
082
_a
624 YAS
100
_a
Yashawanth, Waghmare
_9
11339
245
0
_a
Classical mechanics
260
_b
Bangalore
_c
1999
300
_a
694p.
_b
195
650
_a
PHYSICS
999
_c
136218
_d
136218